=LDR 00000nam 2200000 4500 =001 INLIS000000000006329 =005 20130612094455 =008 ***********************************Ind** =035 ##$$0010-061300000006329 =041 ##$$a Ind =082 ##$$a 001.422 =090 ##$$a 001.422 Raf m =100 ##$$a Rafii, Suryatna =245 ##$$a Metode statistika analisis/Suryatna Rafii =260 ##$$a 1986 $b Jakarta =300 ##$$a 214 hlm. ; 21 cm =650 ##$$a Statistik-metode penelitian =850 ##$$a NBPNMAT